000 00664nam a2200229 4500
003 MX-MxINE
005 20260530113916.0
008 260508b1967 nyua|||| |||| 00| 0 eng d
040 _aICI
_bspa
_cICI
_erda
041 _aeng
050 _aTS171
_bD73 1967
100 1 _aDreyfuss, Henry,
_eautor
_934095
245 _aDesigning for people /
_cHenry Dreyfuss
264 _aNew York :
_bParagraphic Books,
_c1967.
300 _a230 páginas:
_bilustraciones
336 _2rdacontent
_atexto
337 _2rdamedia
_asin medio
338 _2rdacarrier
_avolumen
650 4 _aIndustrial design.
_934096
650 4 _aHuman engineering.
_934097
942 _2lcc
_n1
_cBK
999 _c12292
_d12292